02729cam a22003494i 4500003000900000005001700009008004100026020001500067020001800082035002000100040003300120082001400153245014200167264004200309300005600351336002100407337002500428338002300453505178200476526001002258526001002268526001002278526001002288526000802298526000802306526000802314526000802322526000802330526000802338526000802346650002502354PE-LiUPU20250731172858.0150623s r 000 0 d a0310330637 a9780310330639 a(Sirsi) a165788 aPE-LiUPUbspacPE-LiUPUerda04a289.9bI610aIntroduction to messianic Judaism :bits ecclesial context and Biblical foundations /cDaniel Rudolph and Joel Willitts, general editors. 1aGrand Rapids, MI :bZondervan,c2013. a335 páginas :bilustraciones ;c23 centímetros. atext2rdacontent aunmediated2rdamedia avolume2rdacarrier0 aMessianic Judaism in antiquity and in the modern era / David Rudolph -- Messianic Jewish synagogues / David Rudolph and Elliot Klayman -- Messianic Jewish worship and prayer / Seth N. Klayman -- Messianic Jews and Scripture / Carl Kinbar -- Messianic Jews and Jewish tradition / Carl Kinbar -- Messianic Jewish ethics / Russ Resnik -- Messianic Jewish outreach / Stuart Dauermann -- Messianic Judaism and women / Rachel Wolf -- Messianic Jews in the Land of Israel / Akiva Cohen -- Messianic Jewish national organizations / Mitch Glaser -- Messianic Jews in the Jewish world / Mark S. Kinzer -- Messianic Jews and the Gentile Christian world / Daniel C. Juster -- Messianic Jews and Jewish-Christian dialogue / Jennifer M. Rosner -- Matthew's Christian-Jewish community / Daniel J. Harrington -- The restoration of Israel in Luke-Acts / Darrell Bock -- James and the Jerusalem Council decision / Richard Bauckham -- Interdependence and mutual blessing in the church / Craig Keener -- The relationship between Israel and the church / William S. Campbell -- The redemption of Israel for the sake of the Gentiles / Scott J. Hafemann -- Paul's rule in all the Ekklesiai / Anders Runesson -- Equality in the church / Justin K. Hardin -- The supersession and superfluity of the law? Another look at Galatians / Todd A. Wilson -- The bride of Messiah and the Israel-ness of the new heavens and new earth / Joel Willitts -- Mission-commitment in Second Temple Judaism and the New Testament / John Dickson -- The son of David and the Gospel / Markus Bockmuehl -- Jewish priority, election, and the Gospel / Douglas Harink -- The standard canonical narrative and the problem of supersessionism / R. Kendall Soulen -- Summary of the chapters / Joel Willitts -- Conclusion / Joel Willitts. aSEG42 aSEG41 aSEG40 aSEG39 aP94 aP87 aP86 aP85 aP77 aP76 aP3504aJudaismo Mesiánico